00502nam a2200193 a 4500001001300000003000900013005001700022008004100039020001000080082001600090100001500106245005100121260003400172300000900206500003500215505002400250650001900274700001500293nice12345678IN_TiNIC20260116012956.0050524s1980 cala grp 000 0 eng  ac10000a954.13bHAQ aHaque, M A aMuslim Administration in Orissa, 1568-1751 A.D aCalcuttabPunthi-Pustakc1980 a280p aincludes index and biblioraphy2 aBibliography, Index aOrissa-History1 aHaque, M A